| 000 -LEADER |
| fixed length control field |
00499cam a22001457a 4500 |
| 008 - FIXED-LENGTH DATA ELEMENTS--GENERAL INFORMATION |
| fixed length control field |
180718b1956 xxu||||| |||| 00| 0 eng d |
| 082 ## - DEWEY DECIMAL CLASSIFICATION NUMBER |
| Classification number |
B131x5461 R18 |
| 100 ## - MAIN ENTRY--PERSONAL NAME |
| Personal name |
Rao, V.K.R.V. |
| 245 ## - TITLE STATEMENT |
| Title |
Greater Delhi:a study inurbanisation-1940-1957 |
| Statement of responsibility, etc. |
by V.K.R.V. Rao and P.B. Desai |
| 260 ## - PUBLICATION, DISTRIBUTION, ETC. |
| Place of publication, distribution, etc. |
Bombay |
| Name of publisher, distributor, etc. |
Asia |
| Date of publication, distribution, etc. |
1956 |
| 300 ## - PHYSICAL DESCRIPTION |
| Extent |
xxxiii,479p |
| 500 ## - GENERAL NOTE |
| General note |
Institute of economic growth, Delhi |
| 650 ## - SUBJECT ADDED ENTRY--TOPICAL TERM |
| Topical term or geographic name entry element |
Delhi (Union Ter.) -Economic conditions.Delhi (India) -Economic conditions. |
| 700 ## - ADDED ENTRY--PERSONAL NAME |
| Personal name |
Desai, P.B. |